| 000 | 00399nam a2200145Ia 4500 | ||
|---|---|---|---|
| 005 | 20251222175919.0 | ||
| 008 | 251222s9999||||xx |||||||||||||| ||spa|| | ||
| 020 | _a978-612-4077-58-6 | ||
| 082 | _a342.028.5/G64/2013 | ||
| 100 | _aGonzález Álvarez, Roberto | ||
| 245 | 0 | _aConstitución, Ley y Proceso | |
| 250 | _a1a.ed. | ||
| 264 | _bARA Editores | Universidad Andina del Cusco | ||
| 942 | _cLIB | ||
| 999 |
_c40588 _d40588 |
||